Movies with "Movie" in the Title - Statistics

General Stats
  • This quiz has been taken 230 times
    84 since last reset
  • The average score is 12 of 25
Answer Stats
Year Hint Movie % Correct
2014 Based on the construction toys, it features the song "Everything is Awesome" The Lego Movie
85%
2000 Wayans Brothers slasher parody with Scream character Ghostface Scary Movie
83%
1979 Road trip origin story of Kermit, who seeks success in Los Angeles The Muppet Movie
77%
2004 About a really big red dog Clifford's Really Big Movie
71%
2007 The EPA imprisons the town of Springfield under a giant glass dome The Simpsons Movie
69%
2007 Animated Jerry Seinfeld film Bee Movie
61%
2002 Origin story of Blossom, Bubbles, and Buttercup The Powerpuff Girls Movie
59%
2023 Chris Pratt will voice the main character of this video game movie The Super Mario Bros. Movie
59%
1995 About the famous Disney dog and his son Max A Goofy Movie
56%
1998 Nickelodeon movie that introduces Tommy Pickles' baby brother Dil The Rugrats Movie
51%
2002 Johnny Knoxville flips over a golf cart and Steve-O snorts wasabi Jackass: The Movie
49%
1985 One of the first films based on a toy, set in cloud-filled Care-a-Lot The Care Bears Movie
48%
1983 Based on the anthology television series created by Rod Serling Twilight Zone: The Movie
47%
1980 The second movie of the notable pot-smoking duo Cheech and Chong's Next Movie
44%
1995 About a blended family of 6 children...and their housekeeper The Brady Bunch Movie
44%
1986 Animated sci-fi action film featuring character Galvatron The Transformers: The Movie
43%
2008 Panned parody of The Day After Tomorrow, Cloverfield, Twister, others Disaster Movie
35%
1976 Mel Brooks parody of Charlie Chaplin and Buster Keaton comedies Silent Movie
28%
1990 George is tasked with running a new Spacely Sprockets facility Jetsons: The Movie
27%
1994 SNL feature film about an "androgynous misfit" It's Pat: The Movie
25%
2007 Panned parody of Harry Potter, Pirates of the Caribbean, X-Men, others Epic Movie
24%
1987 Gross-out comedy based on the then-popular trading cards The Garbage Pail Kids Movie
24%
1992 Return to the big screen of this animated Hanna-Barbera duo Tom and Jerry: The Movie
24%
1985 Christmas movie in which Dudley Moore plays an elf Santa Claus: The Movie
16%
1977 Launched the careers of the Airplane! and Naked Gun creators The Kentucky Fried Movie
11%
No matching quizzes found
Score Distribution
Percent of People with Each Score
Percentile by Number Answered
Your Score History
You have not taken this quiz since the last reset